[Event "12. Lichtenberger Sommer"]
[Site "Berlin"]
[Date "2013.08.19"]
[Round "3.54"]
[White "Bergmann, Jens"]
[Black "Hess, Max"]
[Result "1-0"]
[WhiteElo "1920"]
[BlackElo "2013"]
[PlyCount "79"]
[EventDate "2013.??.??"]
[WhiteTeam "SK Tempelhof 1931 e.V."]
[BlackTeam "Post-SV Memmingen e.V."]

1. e4 c5 2. Nf3 d6 3. Bc4 Nc6 4. O-O Nf6 5. Nc3 Bg4 6. h3 Bh5 7. g4 Bg6 8. d3
e6 9. Bf4 a6 10. a3 Nd7 11. Qb1 Be7 12. Kg2 h5 13. Qc1 Nde5 14. Nxe5 Nxe5 15.
Bxe5 dxe5 16. Qe3 Bg5 17. Qxc5 Bf4 18. Nb5 hxg4 19. Nc7+ Kd7 20. Nxa8 gxh3+ 21.
Kh1 Qxa8 22. Qb6 Bh5 23. f3 g5 24. Bb3 Ke7 25. d4 exd4 26. Qxd4 Qb8 27. Rad1
Be5 28. Qc5+ Kf6 29. Rd7 Re8 30. c3 b6 31. Qe3 Bf4 32. Qd4+ Be5 33. Qe3 Rg8 34.
Qd2 Qf8 35. f4 gxf4 36. Rxf4+ Bxf4 37. Qxf4+ Kg6 38. e5 Qa8+ 39. Bd5 exd5 40.
Rd6+ 1-0

[Event "12. Lichtenberger Sommer"]
[Site "Berlin"]
[Date "2013.08.19"]
[Round "3.56"]
[White "Witte, Ronald"]
[Black "Albinus, Günter"]
[Result "1-0"]
[WhiteElo "2040"]
[BlackElo "1844"]
[PlyCount "83"]
[EventDate "2013.??.??"]
[WhiteTeam "BSV 63 Chemie Weißensee"]
[BlackTeam "SG Weißensee 49 e.V."]

1. d4 Nf6 2. c4 e6 3. Nc3 d5 4. cxd5 exd5 5. Bg5 Be7 6. e3 c6 7. Bd3 Bg4 8. Qc2
Bh5 9. h3 Bg6 10. Nf3 Nbd7 11. O-O O-O 12. Rab1 Ne4 13. Bxe7 Qxe7 14. b4 Nxc3
15. Qxc3 Bxd3 16. Qxd3 b5 17. a4 bxa4 18. Qa6 Nb6 19. Ne5 Rfc8 20. Rfc1 Qd6 21.
Qb7 Qc7 22. Qa6 Qd6 23. Nd3 Rc7 24. Nc5 Rb8 25. Nxa4 Nxa4 26. Qxa4 Rb6 27. Rc5
h6 28. Rbc1 a6 29. Qa5 Rcb7 30. Qa4 Rc7 31. Qa3 Qd7 32. Qc3 Qe6 33. Ra1 Qc8 34.
Rca5 Qb7 35. Qd3 Rxb4 36. Rxa6 Rc8 37. Ra7 Qb5 38. Qf5 Rf8 39. Ra8 Qb7 40.
Rxf8+ Kxf8 41. Qh7 f6 42. Ra8+ 1-0

[Event "12. Lichtenberger Sommer"]
[Site "Berlin"]
[Date "2013.08.19"]
[Round "3.57"]
[White "Fiedler, Wolfgang"]
[Black "Shapiro, Yosip"]
[Result "1/2-1/2"]
[WhiteElo "2012"]
[BlackElo "2112"]
[PlyCount "140"]
[EventDate "2013.??.??"]
[WhiteTeam "SV Berolina Mitte e.V."]
[BlackTeam "SV Berolina Mitte e.V."]

1. d4 d5 2. c4 c6 3. Nc3 dxc4 4. a4 e5 5. dxe5 Qxd1+ 6. Kxd1 Be6 7. e4 Na6 8.
f4 O-O-O+ 9. Bd2 Nc5 10. Rc1 Nb3 11. Rc2 Nd4 12. f5 Nxc2 13. Kxc2 Bd7 14. Bxc4
Nh6 15. Bxh6 gxh6 16. Bxf7 Bb4 17. Nf3 Rhf8 18. Bc4 a6 19. Na2 Bc5 20. b4 Be7
21. f6 Bxf6 22. exf6 Rxf6 23. h3 b5 24. axb5 axb5 25. Bb3 Re8 26. Nc3 Kc7 27.
Kd3 Ra8 28. Nd4 Rf2 29. e5 Rxg2 30. e6 Be8 31. Ke4 Bg6+ 32. Kf3 Rb2 33. Rc1 Kb6
34. Bd5 Rf8+ 35. Ke3 cxd5 36. Nxd5+ Kb7 37. Rc7+ Ka6 38. e7 Rb8 39. Nc6 Ra8 40.
Rd7 Rb3+ 41. Kf4 Rb1 42. Rd8 Kb7 43. Na5+ Rxa5 44. bxa5 Re1 45. Ne3 Ra1 46.
e8=Q Ra4+ 47. Kf3 Bxe8 48. Rxe8 Rxa5 49. Re7+ Kc6 50. Rxh7 Ra3 51. Rxh6+ Kc5
52. Rh5+ Kc6 53. Ke4 Ra4+ 54. Kd3 Ra3+ 55. Kd2 b4 56. Nc4 Ra2+ 57. Kd3 Rh2 58.
Ne5+ Kd6 59. Kc4 Re2 60. Nd3 Re4+ 61. Kb3 Re3 62. Kc2 b3+ 63. Kd2 Rg3 64. h4
Rh3 65. Rh6+ Ke7 66. Nf4 Rh2+ 67. Kc1 Kf7 68. Ne6 Kg8 69. Ng5 Kg7 70. Rh7+ Kg6
1/2-1/2

[Event "12. Lichtenberger Sommer"]
[Site "Berlin"]
[Date "2013.08.19"]
[Round "3.58"]
[White "Ziems, Michael"]
[Black "Flick, Antoine"]
[Result "0-1"]
[WhiteElo "1839"]
[BlackElo "1954"]
[PlyCount "34"]
[EventDate "2013.??.??"]
[WhiteTeam "SV Empor Berlin e.V."]
[BlackTeam "Philidor Mulhouse"]

1. d4 Nf6 2. c4 g6 3. Nc3 d5 4. e3 Bg7 5. Nf3 O-O 6. Bd3 c5 7. cxd5 cxd4 8.
exd4 Nxd5 9. O-O Nc6 10. Be4 Be6 11. Re1 Rc8 12. Bb1 Qd7 13. Ne4 b6 14. h3 Nc7
15. Neg5 Nxd4 16. Nh4 Rfd8 17. Nxh7 Bc4 0-1

[Event "12. Lichtenberger Sommer"]
[Site "Berlin"]
[Date "2013.08.19"]
[Round "3.59"]
[White "Krajewski, Wolfgang"]
[Black "Jancke, Manfred"]
[Result "1-0"]
[WhiteElo "2073"]
[BlackElo "1755"]
[PlyCount "99"]
[EventDate "2013.??.??"]
[WhiteTeam "SK Zehlendorf e.V."]
[BlackTeam "SC Eintracht Berlin e.V."]

1. d4 d5 2. c4 dxc4 3. e4 Nf6 4. e5 Nd5 5. Bxc4 e6 6. Nc3 Bb4 7. Bd2 c5 8. dxc5
Nxc3 9. bxc3 Bxc5 10. Nf3 Nc6 11. O-O Qc7 12. Qe2 b6 13. Rfd1 Bb7 14. Bf4 O-O
15. Ng5 Ne7 16. Bd3 Ng6 17. Bxg6 hxg6 18. Qg4 Rfd8 19. Qh3 Qc6 20. Rd6 Rxd6 21.
exd6 Bxd6 22. Bxd6 Qxd6 23. Qh7+ Kf8 24. Qh8+ Ke7 25. Qxg7 Qf4 26. h4 Rd8 27.
Re1 Rd6 28. f3 Bd5 29. a3 Rd7 30. Rd1 Qf6 31. Qxf6+ Kxf6 32. c4 Bc6 33. Rxd7
Bxd7 34. Kf2 Bc6 35. Ke3 Ke7 36. g4 e5 37. Ne4 f5 38. Nc3 Ke6 39. Nb5 a5 40.
Nc3 Kd6 41. gxf5 gxf5 42. h5 Ke6 43. Nd5 b5 44. Nc7+ Kf6 45. cxb5 Bb7 46. Ne8+
Kg5 47. Nd6 Bd5 48. b6 Kxh5 49. b7 Bxb7 50. Nxb7 1-0

[Event "12. Lichtenberger Sommer"]
[Site "Berlin"]
[Date "2013.08.19"]
[Round "3.60"]
[White "Bernasconi, Roberto"]
[Black "Gruener, Reinhard"]
[Result "1-0"]
[WhiteElo "1931"]
[BlackElo "2016"]
[PlyCount "53"]
[EventDate "2013.??.??"]
[WhiteTeam "C.S. Scacco Matto Como"]
[BlackTeam "SG Lasker Steglitz-Wilmersdorf"]

1. e4 c5 2. Nf3 d6 3. d4 cxd4 4. Nxd4 Nf6 5. Nc3 a6 6. Bg5 Nbd7 7. f4 Qb6 8.
Qd2 Qxb2 9. Rb1 Qa3 10. Be2 Qa5 11. O-O h6 12. Bxf6 Nxf6 13. Qe3 e6 14. Kh1 Be7
15. Bf3 Qc7 16. Rfe1 O-O 17. g4 Nd7 18. g5 hxg5 19. fxg5 Ne5 20. h4 f6 21. g6
Qc5 22. Na4 Qa7 23. Nb6 Rb8 24. c3 f5 25. exf5 exf5 26. Bd5+ Kh8 27. Qe2 1-0

[Event "12. Lichtenberger Sommer"]
[Site "Berlin"]
[Date "2013.08.19"]
[Round "3.61"]
[White "Schüler, Wolfgang"]
[Black "Costello, Colin"]
[Result "0-1"]
[WhiteElo "1880"]
[BlackElo "1931"]
[PlyCount "64"]
[EventDate "2013.??.??"]
[WhiteTeam "SC Friesen Lichtenberg e.V."]
[BlackTeam "SC Weisse Dame e.V."]

1. e4 e6 2. d4 d5 3. Nd2 c5 4. exd5 exd5 5. Ngf3 Nc6 6. dxc5 Bxc5 7. Nb3 Bd6 8.
Bb5 Nf6 9. O-O O-O 10. Bg5 Bg4 11. Bxc6 bxc6 12. Qd3 c5 13. Bxf6 Qxf6 14. Qxd5
Bxf3 15. Qxf3 Qxb2 16. c4 Rae8 17. Qd5 Rd8 18. g3 Bxg3 19. Qxc5 Bb8 20. Rfe1
Rd6 21. Qe3 Rg6+ 22. Kh1 Rh6 23. Re2 Rxh2+ 24. Kg1 Qf6 25. f4 Bxf4 26. Qf3 Rxe2
27. Qxe2 Qg5+ 28. Qg2 Be3+ 29. Kf1 Qf6+ 30. Ke2 Re8 31. Rd1 Bg5+ 32. Kd3 Rd8+
0-1

[Event "12. Lichtenberger Sommer"]
[Site "Berlin"]
[Date "2013.08.19"]
[Round "3.62"]
[White "Schräpel, Manfred"]
[Black "Kay, Jonathan"]
[Result "1-0"]
[WhiteElo "1903"]
[BlackElo "1953"]
[PlyCount "69"]
[EventDate "2013.??.??"]
[WhiteTeam "BSV 63 Chemie Weißensee"]
[BlackTeam "Athenaeum Chess Club London"]

1. d4 d5 2. c4 c6 3. Nc3 Nf6 4. Bf4 g6 5. Nf3 Bg7 6. cxd5 cxd5 7. e3 a6 8. Bd3
Nc6 9. h3 h5 10. Ne5 Nxe5 11. Bxe5 O-O 12. O-O e6 13. Qb3 Nd7 14. Bg3 Qb6 15.
Qc2 f5 16. Na4 Qd8 17. Rac1 e5 18. dxe5 Nxe5 19. Be2 Bd7 20. Nc5 Bc8 21. Rfd1
b6 22. Nb3 Bb7 23. Nd4 Rc8 24. Qb3 Qf6 25. Bxe5 Qxe5 26. Qxb6 Rxc1 27. Rxc1 Bc8
28. Qxg6 Bd7 29. Rc3 f4 30. Nf3 Qe7 31. Bd3 fxe3 32. Qh7+ Kf7 33. Qxh5+ Kg8 34.
Bh7+ Kh8 35. Bg6+ 1-0

[Event "12. Lichtenberger Sommer"]
[Site "Berlin"]
[Date "2013.08.19"]
[Round "3.63"]
[White "Keusch, Horst"]
[Black "Schönberger, Kay"]
[Result "1-0"]
[WhiteElo "2021"]
[BlackElo "1891"]
[PlyCount "61"]
[EventDate "2013.??.??"]
[WhiteTeam "SC Friesen Lichtenberg e.V."]
[BlackTeam "SV Koblenz 03/25"]

1. f4 d5 2. b3 c5 3. Bb2 Nc6 4. e3 Nf6 5. Nf3 e6 6. Bb5 a6 7. Bxc6+ bxc6 8. O-O
Be7 9. Ne5 Qc7 10. d3 O-O 11. Nd2 Nd7 12. Qg4 Bf6 13. Ndf3 Nxe5 14. Nxe5 Rd8
15. Rf3 d4 16. Raf1 Ra7 17. Qg3 a5 18. a4 Rd5 19. e4 Rd8 20. Nc4 Ba6 21. e5 Be7
22. Nd2 Rb8 23. f5 exf5 24. Rxf5 Rf8 25. Ne4 Bc8 26. R5f3 Be6 27. Bc1 Kh8 28.
Nd6 Bxd6 29. exd6 Qd7 30. Ba3 Bd5 31. R3f2 1-0

[Event "12. Lichtenberger Sommer"]
[Site "Berlin"]
[Date "2013.08.19"]
[Round "3.64"]
[White "Sidabras, Ignas"]
[Black "Schmidt, Jürgen"]
[Result "1-0"]
[WhiteElo "1690"]
[BlackElo "2024"]
[PlyCount "92"]
[EventDate "2013.??.??"]
[WhiteTeam "SC Kreuzberg e.V."]
[BlackTeam "SC Kreuzberg e.V."]

1. d4 d5 2. Nf3 Nf6 3. c4 c6 4. cxd5 cxd5 5. Nc3 Nc6 6. Bf4 Bf5 7. e3 e6 8. Bb5
Nd7 9. O-O Rc8 10. Rc1 Be7 11. Bd3 Bg6 12. Bxg6 hxg6 13. h3 g5 14. Bg3 Nf6 15.
Nxg5 Nh5 16. Nf3 Nxg3 17. fxg3 Qd6 18. e4 dxe4 19. Nxe4 Qd5 20. Nc3 Qa5 21. Qb3
Nb4 22. a3 Nd5 23. Nxd5 Rxc1 24. Rxc1 Qxd5 25. Qxd5 exd5 26. Rc7 Rh6 27. Rxb7
Bd6 28. Kf2 a6 29. b4 a5 30. bxa5 Bxa3 31. Rb6 Rxb6 32. axb6 f6 33. Nh4 Kd7 34.
Nf5 Bf8 35. b7 Kc7 36. Ne3 Kxb7 37. Nxd5 Kc6 38. Nf4 g5 39. Nh5 Be7 40. Kf3 Kd5
41. Ng7 Ba3 42. h4 Kxd4 43. h5 Ke5 44. h6 Bf8 45. g4 f5 46. Nxf5 Kf6 1-0

[Event "12. Lichtenberger Sommer"]
[Site "Berlin"]
[Date "2013.08.19"]
[Round "3.65"]
[White "Mueller, Johannes"]
[Black "Kather, Yannick"]
[Result "0-1"]
[WhiteElo "1835"]
[BlackElo "1943"]
[PlyCount "50"]
[EventDate "2013.??.??"]
[WhiteTeam "SC Friesen Lichtenberg e.V."]
[BlackTeam "SC Weisse Dame e.V."]

1. e4 c5 2. Nc3 Nc6 3. f4 g6 4. Bb5 Nd4 5. Nf3 Nxb5 6. Nxb5 Bg7 7. O-O a6 8.
Nc3 d6 9. d3 e6 10. Qe2 Ne7 11. Nd1 O-O 12. g4 f5 13. h3 b5 14. c4 Nc6 15. Rb1
bxc4 16. dxc4 Nd4 17. Nxd4 cxd4 18. exf5 exf5 19. g5 Re8 20. Qd3 d5 21. c5 a5
22. Bd2 Ba6 23. Qf3 Be2 24. Qf2 Bd3 25. Re1 Bxb1 0-1

[Event "12. Lichtenberger Sommer"]
[Site "Berlin"]
[Date "2013.08.19"]
[Round "3.66"]
[White "Bandsom, Olaf"]
[Black "Bertram, Johannes"]
[Result "1/2-1/2"]
[WhiteElo "1808"]
[BlackElo "1971"]
[PlyCount "47"]
[EventDate "2013.??.??"]
[WhiteTeam "SC Friesen Lichtenberg e.V."]
[BlackTeam "Europchess"]

1. e4 e6 2. d4 d5 3. Nc3 Bb4 4. exd5 exd5 5. Bd3 c6 6. Qf3 Nf6 7. Bg5 Be7 8. h3
Be6 9. Nge2 Qd7 10. Nf4 h6 11. Nxe6 Qxe6+ 12. Be3 Bd6 13. O-O Qd7 14. Rfe1 Kf8
15. Bf4 Qc7 16. Bxd6+ Qxd6 17. Ne2 Nbd7 18. Ng3 g6 19. Re2 Kg7 20. Rae1 Rae8
21. Rxe8 Rxe8 22. Rxe8 Nxe8 23. Qg4 Kh7 24. c3 1/2-1/2

[Event "12. Lichtenberger Sommer"]
[Site "Berlin"]
[Date "2013.08.19"]
[Round "3.67"]
[White "Merz, Rüdiger"]
[Black "Matitschka, Heinz"]
[Result "1-0"]
[WhiteElo "1900"]
[BlackElo "1774"]
[PlyCount "45"]
[EventDate "2013.??.??"]
[WhiteTeam "SK Zehlendorf e.V."]
[BlackTeam "TSG Oberschöneweide e.V."]

1. e4 e6 2. d4 d5 3. Nc3 Bb4 4. a3 Bxc3+ 5. bxc3 dxe4 6. Qg4 Nf6 7. Qxg7 Rg8 8.
Qh6 Nbd7 9. Nh3 c5 10. Bb2 Qa5 11. O-O-O Rg6 12. Qe3 Nb6 13. c4 Na4 14. Ba1 Bd7
15. Nf4 Rg4 16. d5 Rxf4 17. Qxf4 Nxd5 18. cxd5 Nc3 19. Qe5 Nxd1 20. Qh8+ Ke7
21. Qf6+ Kf8 22. d6 Qxa3+ 23. Kxd1 1-0

[Event "12. Lichtenberger Sommer"]
[Site "Berlin"]
[Date "2013.08.19"]
[Round "3.68"]
[White "Herrmann, Eberhard"]
[Black "Schmidek, Emil"]
[Result "0-1"]
[WhiteElo "1861"]
[BlackElo "1931"]
[PlyCount "68"]
[EventDate "2013.??.??"]
[WhiteTeam "SC Friesen Lichtenberg e.V."]
[BlackTeam "TuS Makkabi Berlin e.V."]

1. e4 e5 2. Nf3 Nc6 3. d4 exd4 4. Nxd4 Bc5 5. c3 Qf6 6. Be3 Qg6 7. Qf3 d6 8. h3
Bd7 9. Nd2 O-O-O 10. O-O-O Ne5 11. Qe2 Ne7 12. g4 N5c6 13. Bg2 h5 14. f4 hxg4
15. f5 Qf6 16. hxg4 Nxd4 17. cxd4 Bxd4 18. g5 Qe5 19. Kb1 Bb5 20. Nc4 Bxc4 21.
Qxc4 Bxe3 22. Qxf7 Bxg5 23. Rhe1 Bf6 24. Qb3 Rh2 25. Re2 a6 26. Rc2 Kb8 27.
Rdc1 Rc8 28. Qa4 Qb5 29. Qa3 Be5 30. Qf3 Qb6 31. Qg4 Nc6 32. Qd1 Bf4 33. Qg1
Qxg1 34. Rxg1 Nd4 0-1

[Event "12. Lichtenberger Sommer"]
[Site "Berlin"]
[Date "2013.08.19"]
[Round "3.69"]
[White "Engelhardt, Erhard"]
[Black "Ciolek, Andreas"]
[Result "0-1"]
[WhiteElo "1841"]
[BlackElo "1888"]
[PlyCount "78"]
[EventDate "2013.??.??"]
[WhiteTeam "SSV Rotation Berlin e.V."]
[BlackTeam "SK Singen"]

1. f4 e5 2. fxe5 d6 3. exd6 Bxd6 4. Nf3 g5 5. g3 g4 6. Nh4 Ne7 7. d4 Ng6 8.
Nxg6 hxg6 9. Qd3 Nc6 10. c3 Bf5 11. e4 Qe7 12. Bg2 O-O-O 13. Nd2 f6 14. Kd1 Be6
15. Nc4 Bxc4 16. Qxc4 Rh5 17. Bf4 Rdh8 18. Bxd6 Qxd6 19. Qe2 Rxh2 20. Rxh2 Rxh2
21. Qf2 Ne5 22. Kc2 Nc4 23. Re1 Qb6 24. b3 Qa5 25. a4 Nd6 26. Qg1 Qh5 27. Kb1
Qh6 28. Qf2 f5 29. exf5 gxf5 30. Rg1 Qh7 31. Kb2 Ne4 32. Qf4 Kd8 33. b4 Qh3 34.
Kb3 Rxg2 35. Rxg2 Qxg2 36. Qxf5 Qf3 37. Qd5+ Nd6 38. Qg8+ Kd7 39. Qg7+ Qf7+ 0-1

[Event "12. Lichtenberger Sommer"]
[Site "Berlin"]
[Date "2013.08.19"]
[Round "3.71"]
[White "Kutschke, Jens"]
[Black "Schlittermann, Wolfgang"]
[Result "1-0"]
[WhiteElo "1891"]
[BlackElo "1769"]
[PlyCount "120"]
[EventDate "2013.??.??"]
[WhiteTeam "Sfrd. Berlin 1903 e.V."]
[BlackTeam "SV Osram e.V."]

1. e4 c6 2. d4 d5 3. e5 Bf5 4. g4 Bg6 5. h4 h6 6. h5 Bh7 7. e6 fxe6 8. Bd3 Bxd3
9. Qxd3 Nf6 10. Qg6+ Kd7 11. Nf3 Qe8 12. Ne5+ Kc7 13. Bf4 Kb6 14. Qd3 a5 15. c4
Nbd7 16. c5+ Ka7 17. Qc3 Ka6 18. Bd2 b6 19. Nxc6 Nxc5 20. Ne5 Nce4 21. Qd3+ Qb5
22. Qxb5+ Kxb5 23. Na3+ Ka6 24. Ng6 Rg8 25. f3 Nxd2 26. Kxd2 Nd7 27. Rhe1 e5
28. Nxe5 Nxe5 29. Rxe5 g6 30. Nc2 gxh5 31. Rxh5 e6 32. Re1 Rg6 33. Rhe5 Rf6 34.
R1e3 h5 35. g5 Rg6 36. f4 Bd6 37. Rxe6 Rxe6 38. Rxe6 Bxf4+ 39. Kd3 Bxg5 40. Re5
Bc1 41. Rxh5 Rg8 42. Rxd5 Rg3+ 43. Ke4 Bxb2 44. Ne3 Rh3 45. Nc4 Rh4+ 46. Ke5
Bxd4+ 47. Rxd4 Rxd4 48. Kxd4 Kb5 49. Kc3 Kc5 50. Nd2 b5 51. Ne4+ Kd5 52. Nf6+
Kc6 53. Kd4 a4 54. Ne4 Kb6 55. Kc3 Ka5 56. a3 b4+ 57. axb4+ Kb5 58. Nd6+ Kc6
59. Nc4 Kb5 60. Na3+ Kc6 1-0

[Event "12. Lichtenberger Sommer"]
[Site "Berlin"]
[Date "2013.08.19"]
[Round "3.72"]
[White "Bollenbach, Horst"]
[Black "Kühnemund, Lutz"]
[Result "1-0"]
[WhiteElo "1566"]
[BlackElo "2044"]
[PlyCount "117"]
[EventDate "2013.??.??"]
[WhiteTeam "SC Friesen Lichtenberg e.V."]
[BlackTeam "SC Friesen Lichtenberg e.V."]

1. Nf3 c5 2. c4 Nc6 3. Nc3 g6 4. g3 Bg7 5. Bg2 Nf6 6. d4 cxd4 7. Nxd4 O-O 8.
O-O Qb6 9. Nxc6 dxc6 10. Qc2 Be6 11. Be3 Qb4 12. c5 Ng4 13. Bd2 Qxc5 14. a3
Rfd8 15. h3 Nf6 16. e4 Nh5 17. Be3 Qc4 18. g4 Nf6 19. Rfd1 a6 20. Rxd8+ Rxd8
21. Rd1 Rxd1+ 22. Qxd1 Nd7 23. Bf1 Qb3 24. Qc1 Ne5 25. Kg2 f5 26. gxf5 gxf5 27.
Qd2 fxe4 28. Qd8+ Kf7 29. Bg5 Bf8 30. Be2 Bd5 31. Bh5+ Ng6 32. Kg3 Qc4 33. Be3
Bg7 34. Be2 Be5+ 35. Kg2 Qb3 36. Bd1 Qxb2 37. Nxd5 cxd5 38. Qxd5+ Kg7 39. Qxe4
Qxa3 40. h4 Bf6 41. h5 Nh4+ 42. Kh3 Qd6 43. Bc2 Kf8 44. Qg4 Qc6 45. Be4 Qb5 46.
Bh6+ Kf7 47. Qd1 Qb4 48. Bxh7 Qc3+ 49. Be3 Qc8+ 50. Kh2 Qc7+ 51. f4 Qc8 52. Bf2
b5 53. Bg3 Qc6 54. Bxh4 Bxh4 55. Qg4 Qh6 56. Bg6+ Kf8 57. Qxh4 Qg7 58. Qg4 Qb2+
59. Qg2 1-0

[Event "12. Lichtenberger Sommer"]
[Site "Berlin"]
[Date "2013.08.19"]
[Round "3.73"]
[White "Möller, Dirk"]
[Black "Rauhut, Frank"]
[Result "1-0"]
[WhiteElo "1649"]
[BlackElo "1993"]
[PlyCount "67"]
[EventDate "2013.??.??"]
[WhiteTeam "SC Kreuzberg e.V."]
[BlackTeam "SV Jenapharm Jena"]

1. e4 g6 2. d4 Bg7 3. f4 c5 4. Nf3 cxd4 5. Nxd4 Nc6 6. Be3 Qb6 7. Nf5 Qb4+ 8.
c3 Qxb2 9. Nxg7+ Kf8 10. Bd4 Nxd4 11. Qxd4 f6 12. Bc4 Kxg7 13. O-O Qxa1 14. Qd2
Nh6 15. Na3 Qxf1+ 16. Kxf1 a6 17. Qd4 Rf8 18. Nc2 Nf7 19. Ne3 e6 20. Qb6 d6 21.
Qc7 b5 22. Bb3 a5 23. a4 bxa4 24. Bxa4 Ba6+ 25. Kf2 Bd3 26. Kf3 Rfc8 27. Qb7
Ba6 28. Qb3 e5 29. Qe6 exf4 30. Kxf4 Rxc3 31. Be8 g5+ 32. Kf3 Ne5+ 33. Kf2 Nd3+
34. Kg3 1-0

[Event "12. Lichtenberger Sommer"]
[Site "Berlin"]
[Date "2013.08.19"]
[Round "3.74"]
[White "Engesser, Jonas"]
[Black "Alvarez, Luis"]
[Result "1/2-1/2"]
[WhiteElo "1824"]
[BlackElo "1902"]
[PlyCount "46"]
[EventDate "2013.??.??"]
[WhiteTeam "SK Engen"]
[BlackTeam "Schachclub Zug um Zug Everswinke"]

1. e4 d5 2. exd5 Qxd5 3. Nc3 Qa5 4. d4 Nf6 5. Bc4 c6 6. Qe2 Bf5 7. Bd2 Qc7 8.
O-O-O e6 9. Nf3 b5 10. Bd3 Bxd3 11. Qxd3 Bd6 12. Ne4 Nxe4 13. Qxe4 Nd7 14. Qg4
g6 15. Ng5 O-O 16. h4 Nf6 17. Qf3 Kg7 18. h5 Nxh5 19. g4 Nf6 20. Ne4 Nxe4 21.
Bh6+ Kg8 22. Bxf8 Bf4+ 23. Kb1 Ng5 1/2-1/2

[Event "12. Lichtenberger Sommer"]
[Site "Berlin"]
[Date "2013.08.19"]
[Round "3.75"]
[White "Guzzetti, Luigi Enrico"]
[Black "Kohlmeyer, Dagobert"]
[Result "0-1"]
[WhiteElo "1873"]
[BlackElo "1892"]
[PlyCount "84"]
[EventDate "2013.??.??"]
[WhiteTeam "C.S. Scacco Matto Como"]
[BlackTeam "SC Rochade e.V."]

1. e4 e6 2. d4 d5 3. e5 c5 4. c3 Nc6 5. Nf3 Bd7 6. Be2 Qb6 7. O-O cxd4 8. cxd4
Nge7 9. Nc3 Nf5 10. Na4 Qd8 11. a3 Be7 12. g4 Nh4 13. Be3 Nxf3+ 14. Bxf3 O-O
15. Be2 a6 16. b4 b5 17. Nc5 Bxc5 18. bxc5 Na5 19. Rb1 Nc4 20. Bxc4 dxc4 21. d5
exd5 22. Qxd5 Bxg4 23. Qg2 Qh4 24. Qe4 Qh3 25. Qg2 Qxg2+ 26. Kxg2 Be2 27. Rfe1
Bd3 28. Rbc1 a5 29. Red1 Rfe8 30. Bd4 Re6 31. f4 b4 32. axb4 axb4 33. Rd2 Rd8
34. f5 Ra6 35. Ba1 Be4+ 36. Kg3 Rxd2 37. Rxc4 Ra3+ 38. Kf4 Bd5 39. Rc1 Rf3+ 40.
Kg4 Rg2+ 41. Kh4 Rxh2+ 42. Kg4 h5+ 0-1

[Event "12. Lichtenberger Sommer"]
[Site "Berlin"]
[Date "2013.08.19"]
[Round "3.76"]
[White "Gelman, Josef"]
[Black "Grassi, Fabrizio"]
[Result "0-1"]
[WhiteElo "1570"]
[BlackElo "1957"]
[PlyCount "58"]
[EventDate "2013.??.??"]
[WhiteTeam "SC Weisse Dame e.V."]
[BlackTeam "SV Berlin-Friedrichstadt"]

1. d4 d5 2. c4 e6 3. Nc3 Nf6 4. Bg5 c5 5. e3 Nc6 6. Nf3 Be7 7. dxc5 O-O 8. cxd5
exd5 9. Bd3 h6 10. Bh4 Bxc5 11. O-O Be6 12. e4 d4 13. Na4 Be7 14. Bb5 Rc8 15.
Rc1 g5 16. Bg3 Nxe4 17. Bxc6 Nxg3 18. fxg3 Rxc6 19. Rxc6 bxc6 20. Nxd4 Qd5 21.
Nxe6 fxe6 22. Rxf8+ Bxf8 23. Nc3 Bc5+ 24. Kf1 Qd4 25. Qxd4 Bxd4 26. Ke2 Kf7 27.
Kf3 e5 28. Ke4 Kf6 29. g4 Ke6 0-1

[Event "12. Lichtenberger Sommer"]
[Site "Berlin"]
[Date "2013.08.19"]
[Round "3.77"]
[White "Baranowsky, Peter"]
[Black "Fuchs, Jörg"]
[Result "0-1"]
[WhiteElo "1967"]
[BlackElo "1862"]
[PlyCount "82"]
[EventDate "2013.??.??"]
[WhiteTeam "Sfrd. Berlin 1903 e.V."]
[BlackTeam "SC Kreuzberg e.V."]

1. c4 f5 2. g3 Nf6 3. Bg2 e6 4. d4 d5 5. Nf3 Be7 6. O-O O-O 7. Nc3 Ne4 8. Ne5
c6 9. Qc2 Qe8 10. e3 Nd7 11. f3 Nxc3 12. Qxc3 Nxe5 13. dxe5 Qh5 14. Bd2 Rf7 15.
Rac1 Bd7 16. a4 Raf8 17. a5 a6 18. b4 dxc4 19. Qxc4 g5 20. Rcd1 Qg6 21. f4 gxf4
22. exf4 Bc8 23. Be3 h5 24. Bc5 Bxc5+ 25. Qxc5 Rg7 26. Rd6 h4 27. Rf3 Qh5 28.
Kf2 Kh8 29. Rd1 Rfg8 30. Rdd3 Qg4 31. Qe3 Bd7 32. Qd2 Be8 33. Rd6 Qg6 34. Rfd3
Qh6 35. Qe3 hxg3+ 36. hxg3 Bh5 37. Rd8 Be8 38. Qd4 Qh2 39. Qc3 Rg4 40. R8d6
Rxf4+ 41. Rf3 Qxg3+ 0-1

[Event "12. Lichtenberger Sommer"]
[Site "Berlin"]
[Date "2013.08.19"]
[Round "3.78"]
[White "Ziegel, Mandy Marie"]
[Black "George, Tom"]
[Result "0-1"]
[WhiteElo "1548"]
[BlackElo "1901"]
[PlyCount "59"]
[EventDate "2013.??.??"]
[WhiteTeam "Schachclub Oranienburg e.V."]
[BlackTeam "SG Blau-Weiß Stadtilm"]

1. d4 Nf6 2. Nf3 b6 3. g3 Bb7 4. Bg2 e6 5. O-O Be7 6. b3 d6 7. c4 Nbd7 8. Nc3
O-O 9. Bb2 Ne4 10. d5 Nxc3 11. Bxc3 e5 12. Nd2 f5 13. Qc2 g6 14. Rad1 Bf6 15.
b4 Qe7 16. Nb3 Rae8 17. Bd2 Bg7 18. Rfe1 f4 19. f3 fxg3 20. hxg3 Nf6 21. Bg5 h6
22. Bc1 g5 23. Bh3 Bc8 24. Bg2 e4 25. Nd4 Bd7 26. Kf2 Ng4+ 27. Kg1 exf3 28.
Bxf3 Ne3 29. Bxe3 Qxe3+ 30. Kg2 0-1

[Event "12. Lichtenberger Sommer"]
[Site "Berlin"]
[Date "2013.08.19"]
[Round "3.80"]
[White "Dreke, Frank"]
[Black "Lange, Cecilia"]
[Result "1-0"]
[WhiteElo "1990"]
[BlackElo "1143"]
[PlyCount "109"]
[EventDate "2013.??.??"]
[WhiteTeam "Treptower SV 1949 e.V."]
[BlackTeam "TSG Oberschöneweide e.V."]

1. e4 e5 2. Nf3 Nc6 3. d4 exd4 4. Bc4 Bc5 5. c3 d6 6. cxd4 Bb6 7. h3 Nf6 8. O-O
h6 9. Nc3 O-O 10. Re1 Re8 11. a3 a5 12. b3 Nd7 13. Bb2 Qf6 14. Nd5 Qg6 15. Bd3
Qe6 16. Nxb6 Nxb6 17. d5 Qd7 18. dxc6 Qxc6 19. Rc1 Qd7 20. Qc2 c6 21. Qc3 f6
22. Bb1 Qf7 23. Qd3 Qc7 24. e5 dxe5 25. Qh7+ Kf8 26. Qh8+ Ke7 27. Qxg7+ Kd8 28.
Qxf6+ Re7 29. Bxe5 Qd7 30. Bd6 Nd5 31. Rxe7 Nxf6 32. Rxd7+ Bxd7 33. Re1 Ne8 34.
Bf4 h5 35. Bg6 Nd6 36. Bxd6 b5 37. Nd4 Kc8 38. Bf5 Bxf5 39. Re8+ Kb7 40. Rxa8
Kxa8 41. Nxf5 Kb7 42. g4 hxg4 43. hxg4 Kc8 44. g5 Kd7 45. g6 Ke8 46. Nh6 Kd7
47. Bc5 Ke6 48. g7 Kd5 49. b4 axb4 50. Bxb4 Ke4 51. g8=Q c5 52. Qg4+ Kd3 53.
Qd1+ Kc4 54. Qc2+ Kd5 55. Qxc5+ 1-0

[Event "12. Lichtenberger Sommer"]
[Site "Berlin"]
[Date "2013.08.19"]
[Round "3.81"]
[White "Räcke, Norbert"]
[Black "Bockrath, Hendrik"]
[Result "0-1"]
[WhiteElo "1846"]
[BlackElo "1382"]
[PlyCount "87"]
[EventDate "2013.??.??"]
[WhiteTeam "Queer-Springer SSV Berlin"]
[BlackTeam "SC Kreuzberg e.V."]

1. d4 d5 2. c4 Nf6 3. cxd5 Nxd5 4. Nf3 Bf5 5. Qb3 b6 6. Nbd2 Nf6 7. g3 Nbd7 8.
Ng5 e6 9. Bg2 Rc8 10. Bb7 Rb8 11. Bc6 h6 12. Ngf3 Be7 13. O-O O-O 14. Qa4 a5
15. e4 Bh3 16. Rd1 Bb4 17. e5 b5 18. Bxb5 Nb6 19. Qb3 Nfd5 20. a3 Nd7 21. Qd3
Bf5 22. Qe2 Bc2 23. Re1 Be7 24. Nf1 Bf5 25. Ne3 Nxe3 26. Bxe3 Bg4 27. Bc6 Nb6
28. Be4 Qd7 29. Rac1 Rfc8 30. Bc6 Qd8 31. Qd2 Nd5 32. Kg2 Nxe3+ 33. fxe3 Rb6
34. Rc2 Rxc6 35. Rxc6 Bxf3+ 36. Kxf3 Qd5+ 37. e4 Qxc6 38. Qxa5 Rb8 39. Re2 Rb3+
40. Kf2 Qb6 41. Qa4 Rxb2 42. Qe8+ Bf8 43. a4 Qxd4+ 44. Kf3 0-1